[Event "Helsinki Chess Festival - Girls U20"]
[Site "chess24.com"]
[Date "2019.08.16"]
[Round "5"]
[White "Simkunaite, Gabija"]
[Black "Norlamo, Sarabella"]
[Result "0-1"]
[Board "1"]
[WhiteElo "1978"]
[WhiteCountry "LTU"]
[WhiteFideId "12808253"]
[WhiteEloChange "-9"]
[BlackElo "1998"]
[BlackCountry "FIN"]
[BlackFideId "4505344"]
[BlackEloChange "9"]

1. e4 {[%clk 1:30:59]} c5 {[%clk 1:30:54]} 2. c3 {[%clk 1:31:06]} d5 {[%clk
1:31:18]} 3. exd5 {[%clk 1:31:15]} Qxd5 {[%clk 1:31:46]} 4. d4 {[%clk 1:31:17]}
Nf6 {[%clk 1:31:56]} 5. Nf3 {[%clk 1:31:20]} Bg4 {[%clk 1:32:17]} 6. dxc5 {[%clk
1:31:14]} Qxd1+ {[%clk 1:31:56]} 7. Kxd1 {[%clk 1:31:38]} e5 {[%clk 1:26:50]} 8.
b4 {[%clk 1:32:04]} e4 {[%clk 1:25:48]} 9. h3 {[%clk 1:32:30]} Bh5 {[%clk
1:26:14]} 10. g4 {[%clk 1:32:56]} Nxg4 {[%clk 1:26:01]} 11. hxg4 {[%clk 1:33:17]}
Bxg4 {[%clk 1:26:29]} 12. Nd2 {[%clk 1:32:15]} exf3 {[%clk 1:26:51]} 13. Bd3
{[%clk 1:29:43]} Nc6 {[%clk 1:09:11]} 14. Re1+ {[%clk 1:26:06]} Be7 {[%clk
1:04:09]} 15. Kc2 {[%clk 1:17:36]} Kf8 {[%clk 0:55:54]} 16. Be4 {[%clk 1:14:11]}
a5 {[%clk 0:46:58]} 17. Bxc6 {[%clk 1:07:32]} bxc6 {[%clk 0:47:19]} 18. a4 {[%clk
1:05:28]} h5 {[%clk 0:43:30]} 19. Kb3 {[%clk 0:57:38]} h4 {[%clk 0:36:32]} 20.
Nf1 {[%clk 0:53:50]} Be6+ {[%clk 0:32:52]} 21. Ka3 {[%clk 0:52:36]} g5 {[%clk
0:25:49]} 22. Nh2 {[%clk 0:50:55]} g4 {[%clk 0:20:49]} 23. Bf4 {[%clk 0:50:12]}
Rh5 {[%clk 0:13:33]} 24. Rg1 {[%clk 0:48:22]} f5 {[%clk 0:12:58]} 25. Rad1 {[%clk
0:47:54]} Kf7 {[%clk 0:12:27]} 26. Bd6 {[%clk 0:45:10]} Bf6 {[%clk 0:12:13]} 27.
Rd3 {[%clk 0:42:26]} Bc4 {[%clk 0:11:38]} 28. Re3 {[%clk 0:40:18]} Be2 {[%clk
0:09:09]} 29. Rh1 {[%clk 0:34:33]} Ra7 {[%clk 0:08:36]} 30. Nf1 {[%clk 0:34:22]}
axb4+ {[%clk 0:06:44]} 31. cxb4 {[%clk 0:34:45]} Bd4 {[%clk 0:07:04]} 32. Bf4
{[%clk 0:32:20]} Bxf1 {[%clk 0:06:02]} 33. Rxf1 {[%clk 0:32:37]} Bxe3 {[%clk
0:06:24]} 34. Bxe3 {[%clk 0:33:02]} Ra8 {[%clk 0:03:54]} 35. Bf4 {[%clk 0:32:41]}
Rhh8 {[%clk 0:03:42]} 36. Kb3 {[%clk 0:32:31]} Rad8 {[%clk 0:01:52]} 37. b5
{[%clk 0:32:47]} Rd3+ {[%clk 0:01:15]} 38. Kc4 {[%clk 0:32:54]} Rhd8 {[%clk
0:01:26]} 39. Bd6 {[%clk 0:31:55]} Rd2 {[%clk 0:01:01]} 40. bxc6 {[%clk 1:01:36]}
Ke6 {[%clk 0:30:42]} 41. c7 {[%clk 0:09:41]} Rc8 {[%clk 0:21:22]} 42. Bf4 {[%clk
0:56:25]} Rb2 {[%clk 0:16:00]} 43. Re1+ {[%clk 0:54:08]} Re2 {[%clk 0:15:33]} 44.
Rf1 {[%clk 0:54:29]} Re4+ {[%clk 0:14:22]} 45. Kb5 {[%clk 0:54:53]} Rxf4 {[%clk
0:14:45]} 46. Kc6 {[%clk 0:55:12]} Rxa4 {[%clk 0:14:46]} 47. Kb7 {[%clk 0:54:57]}
Raa8 {[%clk 0:13:46]} 48. c6 {[%clk 0:54:29]} h3 {[%clk 0:10:52]} 49. Rg1 {[%clk
0:53:35]} Rh8 {[%clk 0:09:35]} 50. Rh1 {[%clk 0:53:32]} f4 {[%clk 0:09:11]} 0-1

[Event "Helsinki Chess Festival - Girls U20"]
[Site "chess24.com"]
[Date "2019.08.16"]
[Round "5"]
[White "Hina, Ariza"]
[Black "Nazarova, Anastasia"]
[Result "0-1"]
[Board "2"]
[WhiteElo "1737"]
[WhiteCountry "NOR"]
[WhiteFideId "1525441"]
[WhiteEloChange "-2"]
[BlackTitle "WFM"]
[BlackElo "2261"]
[BlackCountry "FIN"]
[BlackFideId "34101737"]
[BlackEloChange "2"]

1. e4 {[%clk 1:30:58]} c5 {[%clk 1:30:57]} 2. Nc3 {[%clk 1:31:23]} Nc6 {[%clk
1:31:24]} 3. f4 {[%clk 1:31:46]} g6 {[%clk 1:31:49]} 4. Nf3 {[%clk 1:32:12]} Bg7
{[%clk 1:32:15]} 5. Bb5 {[%clk 1:32:35]} Nd4 {[%clk 1:31:21]} 6. Bc4 {[%clk
1:32:57]} e6 {[%clk 1:30:45]} 7. d3 {[%clk 1:33:03]} Ne7 {[%clk 1:25:54]} 8. O-O
{[%clk 1:30:15]} O-O {[%clk 1:25:13]} 9. a3 {[%clk 1:27:51]} d5 {[%clk 1:22:33]}
10. Ba2 {[%clk 1:28:03]} b6 {[%clk 1:20:45]} 11. Qd2 {[%clk 1:22:04]} Bb7 {[%clk
1:19:20]} 12. Qf2 {[%clk 1:21:36]} Rc8 {[%clk 1:16:38]} 13. e5 {[%clk 1:15:15]}
Nxf3+ {[%clk 1:12:43]} 14. Qxf3 {[%clk 1:14:25]} Qd7 {[%clk 1:12:37]} 15. Qh3
{[%clk 1:08:49]} b5 {[%clk 1:03:03]} 16. Ne2 {[%clk 0:59:36]} d4 {[%clk 0:54:57]}
17. Ng3 {[%clk 0:53:57]} c4 {[%clk 0:52:19]} 18. Ne4 {[%clk 0:52:43]} Bxe4 {[%clk
0:51:04]} 19. dxe4 {[%clk 0:53:06]} Rfd8 {[%clk 0:46:31]} 20. Bd2 {[%clk
0:50:33]} Nc6 {[%clk 0:43:03]} 21. Rad1 {[%clk 0:48:18]} Qe7 {[%clk 0:32:02]} 22.
Qf3 {[%clk 0:38:28]} d3 {[%clk 0:29:01]} 23. cxd3 {[%clk 0:35:08]} Rxd3 {[%clk
0:29:06]} 24. Be3 {[%clk 0:35:27]} Rcd8 {[%clk 0:27:53]} 25. Bb1 {[%clk 0:27:50]}
R3d7 {[%clk 0:27:33]} 26. Bc2 {[%clk 0:25:55]} Nd4 {[%clk 0:19:43]} 27. Bxd4
{[%clk 0:24:38]} Rxd4 {[%clk 0:20:10]} 28. Rxd4 {[%clk 0:22:25]} Rxd4 {[%clk
0:20:34]} 29. Rd1 {[%clk 0:21:52]} Qd7 {[%clk 0:20:57]} 30. Kf1 {[%clk 0:18:28]}
Bf8 {[%clk 0:20:31]} 31. Ke1 {[%clk 0:06:55]} Bc5 {[%clk 0:20:00]} 32. Qc3 {[%clk
0:05:59]} Qd8 {[%clk 0:17:58]} 33. Rxd4 {[%clk 0:05:58]} Bxd4 {[%clk 0:18:25]}
34. Qd2 {[%clk 0:06:15]} Qb6 {[%clk 0:18:28]} 35. b3 {[%clk 0:02:05]} Be3 {[%clk
0:10:27]} 36. Qd6 {[%clk 0:01:28]} Bxf4 {[%clk 0:10:51]} 37. Qxb6 {[%clk
0:01:54]} axb6 {[%clk 0:11:17]} 38. h3 {[%clk 0:02:00]} Bxe5 {[%clk 0:11:42]} 39.
a4 {[%clk 0:02:16]} bxa4 {[%clk 0:11:44]} 40. bxa4 {[%clk 0:32:39]} Kg7 {[%clk
0:41:40]} 41. Ke2 {[%clk 0:32:58]} f5 {[%clk 0:37:52]} 42. Kf3 {[%clk 0:30:11]}
Kf6 {[%clk 0:35:09]} 43. g4 {[%clk 0:30:16]} fxg4+ {[%clk 0:35:05]} 44. hxg4
{[%clk 0:30:35]} h5 {[%clk 0:34:54]} 45. Bd1 {[%clk 0:29:06]} h4 {[%clk 0:33:04]}
46. Kg2 {[%clk 0:24:42]} Kg5 {[%clk 0:30:27]} 47. Kh3 {[%clk 0:24:55]} c3 {[%clk
0:30:27]} 48. Bc2 {[%clk 0:23:49]} Bd4 {[%clk 0:30:49]} 49. Bb1 {[%clk 0:24:04]}
e5 {[%clk 0:31:08]} 0-1

[Event "Helsinki Chess Festival - Girls U20"]
[Site "chess24.com"]
[Date "2019.08.16"]
[Round "5"]
[White "Narva, Mai"]
[Black "Lehtinen, Helja"]
[Result "1-0"]
[Board "3"]
[WhiteTitle "WIM"]
[WhiteElo "2358"]
[WhiteCountry "EST"]
[WhiteFideId "4500512"]
[WhiteEloChange "2"]
[BlackElo "1818"]
[BlackCountry "FIN"]
[BlackFideId "515566"]
[BlackEloChange "-2"]

1. e4 {[%clk 1:30:56]} c5 {[%clk 1:30:43]} 2. Nf3 {[%clk 1:31:17]} e6 {[%clk
1:30:35]} 3. c3 {[%clk 1:31:33]} Nf6 {[%clk 1:30:20]} 4. e5 {[%clk 1:31:50]} Nd5
{[%clk 1:30:36]} 5. d4 {[%clk 1:32:10]} cxd4 {[%clk 1:30:03]} 6. cxd4 {[%clk
1:32:31]} d6 {[%clk 1:29:33]} 7. Bc4 {[%clk 1:32:48]} Be7 {[%clk 1:29:02]} 8. O-O
{[%clk 1:33:01]} O-O {[%clk 1:28:34]} 9. Qe2 {[%clk 1:33:09]} b6 {[%clk 1:27:26]}
10. Qe4 {[%clk 1:20:25]} dxe5 {[%clk 1:21:27]} 11. dxe5 {[%clk 1:18:53]} Ba6
{[%clk 1:18:29]} 12. b3 {[%clk 1:16:14]} Bxc4 {[%clk 1:07:30]} 13. bxc4 {[%clk
1:16:20]} Nc7 {[%clk 1:07:52]} 14. Nc3 {[%clk 1:11:24]} Nba6 {[%clk 0:57:07]} 15.
Rd1 {[%clk 1:09:24]} Qe8 {[%clk 0:55:49]} 16. Ng5 {[%clk 1:06:37]} Bxg5 {[%clk
0:52:13]} 17. Bxg5 {[%clk 1:06:58]} f6 {[%clk 0:43:19]} 18. exf6 {[%clk 1:05:53]}
gxf6 {[%clk 0:43:42]} 19. Bh6 {[%clk 1:04:43]} Rf7 {[%clk 0:44:01]} 20. Rd3
{[%clk 1:03:42]} Kh8 {[%clk 0:43:16]} 21. Qg4 {[%clk 0:47:39]} Nc5 {[%clk
0:32:24]} 22. Rg3 {[%clk 0:46:16]} Qe7 {[%clk 0:32:31]} 23. f4 {[%clk 0:45:04]}
Re8 {[%clk 0:27:56]} 24. Re1 {[%clk 0:42:16]} Qd7 {[%clk 0:27:42]} 25. h3 {[%clk
0:34:01]} Qd4+ {[%clk 0:23:56]} 26. Kh2 {[%clk 0:33:56]} Qd7 {[%clk 0:24:07]} 27.
Qh5 {[%clk 0:29:18]} Rfe7 {[%clk 0:19:05]} 28. Rd1 {[%clk 0:26:06]} Qc8 {[%clk
0:18:10]} 29. Qh4 {[%clk 0:25:59]} Rf7 {[%clk 0:14:26]} 30. Bg7+ {[%clk 0:25:26]}
Rxg7 {[%clk 0:14:31]} 31. Qxf6 {[%clk 0:25:43]} Rg8 {[%clk 0:14:27]} 32. Rxg7
{[%clk 0:25:59]} Ne8 {[%clk 0:13:23]} 33. Rxg8+ {[%clk 0:26:10]} Kxg8 {[%clk
0:13:45]} 34. Rd8 {[%clk 0:26:16]} 1-0

[Event "Helsinki Chess Festival - Girls U20"]
[Site "chess24.com"]
[Date "2019.08.16"]
[Round "5"]
[White "Olde, Margareth"]
[Black "Nilssen, Ellen Fredericia"]
[Result "1/2-1/2"]
[Board "4"]
[WhiteTitle "WFM"]
[WhiteElo "2122"]
[WhiteCountry "EST"]
[WhiteFideId "4503082"]
[WhiteEloChange "1"]
[BlackTitle "WFM"]
[BlackElo "2140"]
[BlackCountry "DEN"]
[BlackFideId "1441230"]
[BlackEloChange "-1"]

1. d4 {[%clk 1:30:56]} Nf6 {[%clk 1:30:40]} 2. c4 {[%clk 1:31:20]} g6 {[%clk
1:31:05]} 3. Nf3 {[%clk 1:31:43]} Bg7 {[%clk 1:31:28]} 4. Nc3 {[%clk 1:32:05]} d5
{[%clk 1:31:34]} 5. Qb3 {[%clk 1:32:28]} dxc4 {[%clk 1:31:21]} 6. Qxc4 {[%clk
1:32:51]} O-O {[%clk 1:31:40]} 7. e4 {[%clk 1:33:15]} Nc6 {[%clk 1:31:56]} 8. Be2
{[%clk 1:33:02]} Bg4 {[%clk 1:32:17]} 9. d5 {[%clk 1:30:29]} Na5 {[%clk 1:32:24]}
10. Qb4 {[%clk 1:27:44]} Bxf3 {[%clk 1:32:32]} 11. Bxf3 {[%clk 1:23:37]} c6
{[%clk 1:32:51]} 12. O-O {[%clk 1:21:47]} Qb6 {[%clk 1:33:00]} 13. Qxb6 {[%clk
1:16:03]} axb6 {[%clk 1:33:21]} 14. Rb1 {[%clk 1:15:47]} b5 {[%clk 1:11:25]} 15.
b3 {[%clk 1:08:47]} Nd7 {[%clk 1:03:47]} 16. Bb2 {[%clk 1:04:05]} Rfd8 {[%clk
0:54:55]} 17. Rfd1 {[%clk 0:58:36]} b4 {[%clk 0:53:46]} 18. Na4 {[%clk 0:52:37]}
Nc4 {[%clk 0:43:08]} 19. Bxg7 {[%clk 0:46:35]} Kxg7 {[%clk 0:43:18]} 20. bxc4
{[%clk 0:46:30]} Rxa4 {[%clk 0:43:19]} 21. dxc6 {[%clk 0:46:00]} bxc6 {[%clk
0:43:32]} 22. e5 {[%clk 0:46:21]} Rxa2 {[%clk 0:39:48]} 23. e6 {[%clk 0:37:50]}
fxe6 {[%clk 0:39:14]} 24. Bxc6 {[%clk 0:36:39]} Ra7 {[%clk 0:38:38]} 25. f4
{[%clk 0:36:07]} b3 {[%clk 0:34:49]} 26. Bb5 {[%clk 0:33:02]} b2 {[%clk 0:31:30]}
27. Rxb2 {[%clk 0:32:18]} Rb8 {[%clk 0:31:51]} 28. Re2 {[%clk 0:29:18]} Nc5
{[%clk 0:32:08]} 29. Re5 {[%clk 0:28:00]} Rc8 {[%clk 0:27:05]} 30. h4 {[%clk
0:26:23]} Ra3 {[%clk 0:24:48]} 31. Kh2 {[%clk 0:25:25]} Kf7 {[%clk 0:23:40]} 32.
Rd2 {[%clk 0:23:33]} Ra1 {[%clk 0:17:26]} 33. Rde2 {[%clk 0:19:43]} Ra3 {[%clk
0:17:06]} 34. R2e3 {[%clk 0:17:37]} Rxe3 {[%clk 0:16:34]} 35. Rxe3 {[%clk
0:18:03]} Rc7 {[%clk 0:16:57]} 36. Ra3 {[%clk 0:12:26]} Ne4 {[%clk 0:15:43]} 37.
Ra4 {[%clk 0:09:55]} Nd6 {[%clk 0:15:13]} 38. Ba6 {[%clk 0:08:54]} Ra7 {[%clk
0:13:21]} 39. Ra2 {[%clk 0:08:40]} Rc7 {[%clk 0:11:21]} 40. g4 {[%clk 0:35:25]}
Rc6 {[%clk 0:40:50]} 41. Ra4 {[%clk 0:34:15]} Kf6 {[%clk 0:37:14]} 42. Kg3 {[%clk
0:27:07]} e5 {[%clk 0:32:36]} 43. g5+ {[%clk 0:25:04]} Ke6 {[%clk 0:32:53]} 44.
Kg4 {[%clk 0:19:52]} e4 {[%clk 0:24:26]} 45. Bb5 {[%clk 0:20:00]} Rc7 {[%clk
0:21:15]} 46. Ra6 {[%clk 0:20:21]} e3 {[%clk 0:21:14]} 47. Kf3 {[%clk 0:19:46]}
e2 {[%clk 0:19:28]} 48. Kxe2 {[%clk 0:19:42]} Kf5 {[%clk 0:19:45]} 49. Ra4 {[%clk
0:13:38]} Kg4 {[%clk 0:18:19]} 50. Kd3 {[%clk 0:10:53]} Rc5 {[%clk 0:15:39]} 51.
Kd4 {[%clk 0:10:26]} Rc7 {[%clk 0:15:51]} 52. Kd5 {[%clk 0:09:58]} Kxh4 {[%clk
0:15:37]} 53. Ba6 {[%clk 0:08:37]} Nf5 {[%clk 0:14:22]} 54. Ra5 {[%clk 0:03:36]}
Kg4 {[%clk 0:14:30]} 55. Ke5 {[%clk 0:03:27]} Nd6 {[%clk 0:11:49]} 56. c5 {[%clk
0:03:39]} Nf7+ {[%clk 0:12:12]} 57. Ke4 {[%clk 0:03:32]} Nd8 {[%clk 0:12:37]} 58.
Be2+ {[%clk 0:03:14]} Kg3 {[%clk 0:12:58]} 59. Kd5 {[%clk 0:00:34]} Nb7 {[%clk
0:12:47]} 60. Ra3+ {[%clk 0:00:33]} Kxf4 {[%clk 0:13:04]} 61. c6 {[%clk 0:00:53]}
Nd8 {[%clk 0:13:23]} 62. Bb5 {[%clk 0:00:47]} Kxg5 {[%clk 0:13:01]} 63. Ra8
{[%clk 0:00:39]} Nxc6 {[%clk 0:13:16]} 64. Bxc6 {[%clk 0:01:06]} e6+ {[%clk
0:12:36]} 65. Kd6 {[%clk 0:01:31]} Rf7 {[%clk 0:12:58]} 66. Kxe6 {[%clk 0:01:40]}
Rf6+ {[%clk 0:13:22]} 67. Kd5 {[%clk 0:02:03]} Kh5 {[%clk 0:10:59]} 68. Bd7
{[%clk 0:01:59]} Kg5 {[%clk 0:09:23]} 69. Ke5 {[%clk 0:02:09]} Rf2 {[%clk
0:09:36]} 70. Bc6 {[%clk 0:01:53]} Kg4 {[%clk 0:09:21]} 71. Be4 {[%clk 0:01:35]}
Rf7 {[%clk 0:08:16]} 72. Bd5 {[%clk 0:01:24]} Rf5+ {[%clk 0:08:18]} 73. Ke4
{[%clk 0:01:48]} Rf4+ {[%clk 0:08:16]} 74. Ke3 {[%clk 0:02:10]} Rf6 {[%clk
0:08:33]} 75. Be4 {[%clk 0:01:44]} h5 {[%clk 0:08:42]} 76. Ra1 {[%clk 0:01:40]}
h4 {[%clk 0:08:18]} 77. Rg1+ {[%clk 0:01:50]} Kh5 {[%clk 0:08:42]} 78. Bxg6+
{[%clk 0:01:11]} Rxg6 {[%clk 0:09:07]} 79. Rxg6 {[%clk 0:01:38]} Kxg6 {[%clk
0:09:31]} 80. Kf3 {[%clk 0:02:05]} Kg5 {[%clk 0:09:45]} 81. Kg2 {[%clk 0:02:28]}
1/2-1/2

[Event "Helsinki Chess Festival - Girls U20"]
[Site "chess24.com"]
[Date "2019.08.16"]
[Round "5"]
[White "Diakonova, Ekaterina"]
[Black "Limanovska, Elizabete"]
[Result "1-0"]
[Board "5"]
[WhiteElo "2209"]
[WhiteCountry "RUS"]
[WhiteFideId "24172936"]
[WhiteEloChange "9"]
[BlackTitle "WFM"]
[BlackElo "2169"]
[BlackCountry "LAT"]
[BlackFideId "11603542"]
[BlackEloChange "-9"]

1. e4 {[%clk 1:30:02]} c5 {[%clk 1:30:37]} 2. Nf3 {[%clk 1:30:27]} d6 {[%clk
1:30:52]} 3. d4 {[%clk 1:30:51]} cxd4 {[%clk 1:31:19]} 4. Nxd4 {[%clk 1:30:51]}
Nf6 {[%clk 1:31:45]} 5. Nc3 {[%clk 1:31:16]} a6 {[%clk 1:32:11]} 6. Be3 {[%clk
1:31:39]} e5 {[%clk 1:32:25]} 7. Nb3 {[%clk 1:32:05]} Be6 {[%clk 1:32:51]} 8. f3
{[%clk 1:32:30]} Be7 {[%clk 1:33:01]} 9. Qd2 {[%clk 1:32:55]} O-O {[%clk
1:33:05]} 10. O-O-O {[%clk 1:33:18]} Nbd7 {[%clk 1:33:15]} 11. g4 {[%clk
1:33:42]} b5 {[%clk 1:33:39]} 12. g5 {[%clk 1:34:05]} b4 {[%clk 1:33:05]} 13. Ne2
{[%clk 1:34:28]} Ne8 {[%clk 1:33:05]} 14. f4 {[%clk 1:33:24]} a5 {[%clk 1:30:00]}
15. f5 {[%clk 1:33:47]} a4 {[%clk 1:20:33]} 16. Nbd4 {[%clk 1:32:20]} exd4 {[%clk
1:17:29]} 17. Nxd4 {[%clk 1:32:45]} Bb3 {[%clk 1:07:51]} 18. Nc6 {[%clk 0:51:55]}
Qc7 {[%clk 1:07:56]} 19. Nxe7+ {[%clk 0:52:21]} Kh8 {[%clk 1:08:18]} 20. Kb1
{[%clk 0:52:33]} Ne5 {[%clk 1:02:18]} 21. Nd5 {[%clk 0:49:29]} Bxd5 {[%clk
1:02:27]} 22. Qxd5 {[%clk 0:48:34]} Rc8 {[%clk 0:48:17]} 23. Bd3 {[%clk 0:47:33]}
a3 {[%clk 0:43:05]} 24. b3 {[%clk 0:45:03]} f6 {[%clk 0:35:09]} 25. h4 {[%clk
0:40:35]} Nxd3 {[%clk 0:32:22]} 26. Qxd3 {[%clk 0:40:47]} d5 {[%clk 0:32:24]} 27.
exd5 {[%clk 0:35:08]} Qe5 {[%clk 0:30:30]} 28. Bc1 {[%clk 0:27:36]} Rc3 {[%clk
0:21:13]} 29. Qd4 {[%clk 0:25:40]} Qxf5 {[%clk 0:21:28]} 30. Qxb4 {[%clk
0:25:47]} Qxc2+ {[%clk 0:21:02]} 31. Ka1 {[%clk 0:26:11]} Rf7 {[%clk 0:17:08]}
32. Rhe1 {[%clk 0:20:41]} Rc8 {[%clk 0:16:27]} 33. Bxa3 {[%clk 0:20:20]} fxg5
{[%clk 0:13:38]} 34. Rc1 {[%clk 0:18:21]} Qf5 {[%clk 0:14:02]} 35. Rxc8 {[%clk
0:18:10]} Qxc8 {[%clk 0:14:27]} 36. hxg5 {[%clk 0:18:33]} Nc7 {[%clk 0:11:18]}
37. Qc4 {[%clk 0:14:35]} 1-0

[Event "Helsinki Chess Festival - Girls U20"]
[Site "chess24.com"]
[Date "2019.08.16"]
[Round "6"]
[White "Norlamo, Sarabella"]
[Black "Limanovska, Elizabete"]
[Result "0-1"]
[Board "1"]
[WhiteElo "1998"]
[WhiteCountry "FIN"]
[WhiteFideId "4505344"]
[WhiteEloChange "-5"]
[BlackTitle "WFM"]
[BlackElo "2169"]
[BlackCountry "LAT"]
[BlackFideId "11603542"]
[BlackEloChange "5"]

1. d4 {[%clk 1:30:57]} Nf6 {[%clk 1:30:57]} 2. c4 {[%clk 1:31:21]} e6 {[%clk
1:31:23]} 3. Nf3 {[%clk 1:31:43]} b6 {[%clk 1:31:41]} 4. g3 {[%clk 1:32:07]} Bb7
{[%clk 1:31:17]} 5. Bg2 {[%clk 1:32:32]} Be7 {[%clk 1:31:36]} 6. O-O {[%clk
1:32:53]} O-O {[%clk 1:31:48]} 7. Nc3 {[%clk 1:33:17]} Ne4 {[%clk 1:32:04]} 8.
Nxe4 {[%clk 1:32:20]} Bxe4 {[%clk 1:32:25]} 9. Bf4 {[%clk 1:32:43]} d6 {[%clk
1:24:24]} 10. Rc1 {[%clk 1:33:05]} Nd7 {[%clk 1:23:36]} 11. Qd2 {[%clk 1:31:17]}
Re8 {[%clk 1:06:12]} 12. Rfd1 {[%clk 1:29:51]} Qc8 {[%clk 0:56:46]} 13. Qe3
{[%clk 0:15:32]} Bb7 {[%clk 0:45:23]} 14. Qd3 {[%clk 1:21:43]} Nf6 {[%clk
0:41:41]} 15. Nd2 {[%clk 1:21:06]} Bxg2 {[%clk 0:40:53]} 16. Kxg2 {[%clk
1:21:33]} c5 {[%clk 0:41:06]} 17. dxc5 {[%clk 1:05:32]} bxc5 {[%clk 0:39:39]} 18.
f3 {[%clk 1:02:00]} d5 {[%clk 0:33:35]} 19. cxd5 {[%clk 0:53:19]} exd5 {[%clk
0:34:01]} 20. Nb1 {[%clk 0:50:22]} c4 {[%clk 0:27:10]} 21. Qc2 {[%clk 0:48:46]}
Qe6 {[%clk 0:27:13]} 22. Re1 {[%clk 0:45:06]} Rac8 {[%clk 0:23:10]} 23. Nc3
{[%clk 0:34:37]} Bb4 {[%clk 0:22:25]} 24. Bd2 {[%clk 0:34:29]} a6 {[%clk
0:18:25]} 25. Na4 {[%clk 0:32:27]} Qd6 {[%clk 0:16:03]} 26. Rcd1 {[%clk 0:31:12]}
d4 {[%clk 0:14:45]} 27. Bc3 {[%clk 0:25:15]} Nd5 {[%clk 0:11:57]} 28. Bxd4 {[%clk
0:21:22]} Bxe1 {[%clk 0:12:07]} 29. Rxe1 {[%clk 0:21:23]} Nf4+ {[%clk 0:11:52]}
30. gxf4 {[%clk 0:21:38]} Qxd4 {[%clk 0:12:20]} 31. Qf5 {[%clk 0:21:19]} Rc6
{[%clk 0:11:55]} 32. e4 {[%clk 0:14:05]} Rg6+ {[%clk 0:11:27]} 33. Kh1 {[%clk
0:13:50]} Qf2 {[%clk 0:11:37]} 0-1

[Event "Helsinki Chess Festival - Girls U20"]
[Site "chess24.com"]
[Date "2019.08.16"]
[Round "6"]
[White "Nilssen, Ellen Fredericia"]
[Black "Diakonova, Ekaterina"]
[Result "0-1"]
[Board "2"]
[WhiteTitle "WFM"]
[WhiteElo "2140"]
[WhiteCountry "DEN"]
[WhiteFideId "1441230"]
[WhiteEloChange "-8"]
[BlackElo "2209"]
[BlackCountry "RUS"]
[BlackFideId "24172936"]
[BlackEloChange "8"]

1. d4 {[%clk 1:30:58]} Nf6 {[%clk 1:30:56]} 2. c4 {[%clk 1:31:20]} c5 {[%clk
1:31:20]} 3. d5 {[%clk 1:31:26]} b5 {[%clk 1:31:45]} 4. cxb5 {[%clk 1:31:47]} a6
{[%clk 1:32:12]} 5. bxa6 {[%clk 1:32:08]} g6 {[%clk 1:32:38]} 6. Nc3 {[%clk
1:32:24]} Bg7 {[%clk 1:33:03]} 7. Nf3 {[%clk 1:30:27]} O-O {[%clk 1:33:26]} 8. g3
{[%clk 1:24:47]} d6 {[%clk 1:33:32]} 9. Bg2 {[%clk 1:25:11]} Nbd7 {[%clk
1:33:58]} 10. O-O {[%clk 1:24:27]} Nb6 {[%clk 1:34:19]} 11. Nh4 {[%clk 1:20:30]}
Bxa6 {[%clk 1:31:19]} 12. Rb1 {[%clk 1:20:52]} Ra7 {[%clk 1:05:22]} 13. b3 {[%clk
1:18:10]} e6 {[%clk 1:05:27]} 14. dxe6 {[%clk 1:12:41]} fxe6 {[%clk 1:05:51]} 15.
Bh3 {[%clk 1:09:12]} Qe7 {[%clk 0:59:24]} 16. Nf3 {[%clk 1:02:32]} Nfd5 {[%clk
0:54:07]} 17. Nxd5 {[%clk 0:58:53]} exd5 {[%clk 0:50:37]} 18. Re1 {[%clk
0:58:46]} d4 {[%clk 0:48:58]} 19. Bg5 {[%clk 0:54:29]} Qe4 {[%clk 0:44:01]} 20.
Bf4 {[%clk 0:50:47]} Rxf4 {[%clk 0:39:37]} 21. gxf4 {[%clk 0:51:06]} Nd5 {[%clk
0:40:03]} 22. Ng5 {[%clk 0:44:45]} Qxf4 {[%clk 0:38:24]} 23. Be6+ {[%clk
0:43:29]} Kh8 {[%clk 0:36:02]} 24. Qc1 {[%clk 0:40:20]} Ne3 {[%clk 0:35:42]} 25.
Nf3 {[%clk 0:33:20]} Bxe2 {[%clk 0:34:13]} 26. fxe3 {[%clk 0:26:53]} Qxf3 {[%clk
0:34:02]} 27. Qd2 {[%clk 0:21:59]} Rxa2 {[%clk 0:24:07]} 28. Qxa2 {[%clk
0:19:27]} Qxe3+ {[%clk 0:24:31]} 29. Kg2 {[%clk 0:19:45]} Qf3+ {[%clk 0:24:56]}
30. Kg1 {[%clk 0:20:06]} d3 {[%clk 0:25:18]} 0-1